000 00329 a2200157 4500
001 154757
040 _cEscola São Tomás de Aquino
100 _aRIBEIRO, Maria
240 1 0 _aTrânsito
_lpor
245 1 0 _aTrânsito
300 _a88
362 0 _a2012
440 1 _aEscala Educacional
697 _aHISTÓRIA
942 _cBK
999 _c154757
_d154757